La memòria del futur : com conservar el patrimoni del segle XXI com conservar el patrimoni del segle XXI
Descripción Física:
1 díptic ; 15 x 21 cm
Idioma:
Catalán
MARC
| LEADER | 00000nam a22000007a 4500 | ||
|---|---|---|---|
| 001 | 27988 | ||
| 003 | Arxiu | ||
| 005 | 20260324181518.0 | ||
| 008 | 230612b spa||||| |||| 00| 0 cat d | ||
| 017 | |a B 28310-2018 | ||
| 040 | |a agdb |b cat | ||
| 111 | |9 56520 |a Jornades de Cultura i Memòria |n (4es : |d 2019 : |c Barcelona, Catalunya) | ||
| 245 | |a La memòria del futur : |b com conservar el patrimoni del segle XXI | ||
| 260 | |a Barcelona : |b Diputació de Barcelona ; |c 2019 | ||
| 300 | |a 1 díptic ; |c 15 x 21 cm | ||
| 500 | |a Programa de les conferències en motiu de les IV Jornades de Cultura i Memòria. | ||
| 500 | |a Jornada celebrada el dia 19 de febrer de 2019 a l'Espai Francesca Bonnemaison. | ||
| 650 | 0 | |9 52110 |a Patrimoni cultural |x Protecció | |
| 650 | 0 | |a Patrimoni cultural |v Congressos |x Protecció | |
| 710 | 1 | |9 52666 |a Barcelona (Catalunya : Província). |b Àrea de Cultura, Educació i Esports | |
| 942 | |2 udc |c ARXIU |n 1 | ||
| 952 | |0 0 |1 0 |2 udc |4 0 |6 FU7620 |7 1 |9 66473 |a Arxiu |b Arxiu |d 2023-06-12 |l 0 |o FU-76-20 |p 27988 |r 2023-06-12 00:00:00 |w 2023-06-12 |y ARXIU | ||
| 999 | |c 83805 |d 83805 | ||